000 00658nam a22002177a 4500
003 UA-OsUOA
001 46085
007 ta
008 20120118b un ||||| |||| 00| 0 ukr d
090 _a94(477).07
942 _cBK
040 _aUA-OsUOA
_beng
_cUA-OsUOA
_dUA-OsUOA
245 _aFamine-Genecide in Ukraine, 1932-1933
_bWestern Archives, Testimonies and new Research
300 _a212 p.
955 _a4
041 _aeng
080 _a94(477).07
650 7 _a9 Географія. Біографії. Історія
_2UDC
999 _c426188
_d426188